[Event "SVK Extraliga 2019-20"]
[Site "Slovakia"]
[Date "2020.03.01"]
[Round "8.5"]
[White "Vojtek, Vladimir"]
[Black "Holtman, Teodor"]
[Result "1-0"]
[WhiteElo "2252"]
[BlackElo "2252"]
[Annotator "ChessBase"]
[PlyCount "156"]
[EventDate "2019.10.19"]
[EventType "team-tourn"]
[EventCountry "SVK"]
[SourceTitle "playchess.com"]
[Source "ChessBase"]
[SourceQuality "1"]
[WhiteTeam "Dubnica"]
[BlackTeam "Snina"]
[TimeControl "40/5400+30:1800+30"]

1. e4 {[%emt 0:01:08]} e6 {[%emt 0:00:00]} 2. d4 {[%emt 0:00:27]} d5 {[%emt 0:00:03]} 3. Nc3 {[%emt 0:00:06]} Nc6 {[%emt 0:01:31]} 4. Nf3 {[%emt 0:02:25]} Nf6 {[%emt 0:00:06]} 5. e5 {[%emt 0:00:18]} Ne4 {[%emt 0:00:05]} 6. Ne2 {[%emt 0:01:12]} f6 {[%emt 0:00:51]} 7. Nf4 {[%emt 0:01:09]} Be7 {[%emt 0:09:20]} 8. Bb5 {[%emt 0:09:51]} O-O {[%emt 0:02:57]} 9. O-O {[%emt 0:02:52]} fxe5 {[%emt 0:20:29]} 10. dxe5 {[%emt 0:05:05]} Ng5 {[%emt 0:00:46]} 11. Bxc6 {[%emt 0:08:43]} Nxf3+ {[%emt 0:00:05]} 12. Qxf3 {[%emt 0:00:05]} bxc6 {[%emt 0:00:06]} 13. Qg4 {[%emt 0:02:59]} Rf5 {[%emt 0:04:05]} 14. Nh5 {[%emt 0:08:49]} Qf8 {[%emt 0:02:14]} 15. Ng3 {[%emt 0:11:06]} Rf7 {[%emt 0:00:49]} 16. Be3 {[%emt 0:02:13]} c5 {[%emt 0:02:13]} 17. c3 {[%emt 0:00:34]} Bd7 {[%emt 0:04:23]} 18. Rad1 {[%emt 0:00:52]} Qc8 {[%emt 0:04:20]} 19. Rd2 {[%emt 0:08:01]} a5 {[%emt 0:01:01]} 20. h4 {[%emt 0:01:08]} Kh8 {[%emt 0:04:36]} 21. Bg5 {[%emt 0:02:25]} a4 {[%emt 0:02:21]} 22. Bxe7 {[%emt 0:01:56]} Rxe7 {[%emt 0:00:01]} 23. a3 {[%emt 0:00:12]} Rb8 {[%emt 0:05:15]} 24. Nh5 {[%emt 0:07:32]} Qf8 {[%emt 0:04:26]} 25. Nf4 {[%emt 0:01:47]} Rf7 {[%emt 0:01:59]} 26. g3 {[%emt 0:00:16]} Qe7 {[%emt 0:02:04]} 27. Kg2 {[%emt 0:07:19]} Rf5 {[%emt 0:02:24]} 28. Re1 {[%emt 0:00:55]} Rbf8 {[%emt 0:00:32]} 29. Nh3 {[%emt 0:02:40]} Be8 {[%emt 0:00:34]} 30. Qd1 {[%emt 0:01:35]} Bc6 {[%emt 0:04:43]} 31. f4 {[%emt 0:01:31]} Qd7 {[%emt 0:02:00]} 32. Kh2 {[%emt 0:00:50]} Rd8 {[%emt 0:01:22]} 33. Qe2 {[%emt 0:04:03]} Bb5 {[%emt 0:09:05]} 34. Qf2 {[%emt 0:00:33]} Qe7 {[%emt 0:01:12]} 35. Ng5 {[%emt 0:00:33]} Rff8 {[%emt 0:00:37]} 36. Red1 {[%emt 0:00:30]} Bc4 {[%emt 0:01:31]} 37. Qf3 {[%emt 0:02:42]} h6 {[%emt 0:02:28]} 38. Nh3 {[%emt 0:00:39]} Bb3 {[%emt 0:00:01]} 39. Re1 {[%emt 0:01:01]} d4 {[%emt 0:01:41]} 40. Ree2 {[%emt 0:01:23]} Bc4 {[%emt 0:01:39]} 41. Rf2 {[%emt 0:01:32]} Bb5 {[%emt 0:06:33]} 42. Qd1 {[%emt 0:15:44]} Qd7 {[%emt 0:02:15]} 43. f5 {[%emt 0:07:02]} exf5 {[%emt 0:07:10]} 44. Nf4 {[%emt 0:00:12]} Kg8 {[%emt 0:03:55]} 45. e6 {[%emt 0:01:02]} Qd6 {[%emt 0:01:14]} 46. cxd4 {[%emt 0:01:30]} cxd4 {[%emt 0:00:20]} 47. e7 {[%emt 0:00:42]} Qxe7 {[%emt 0:00:07]} 48. Ng6 {[%emt 0:00:07]} Qc5 {[%emt 0:05:49]} 49. Nxf8 {[%emt 0:00:49]} Kxf8 {[%emt 0:00:02]} 50. Qc2 {[%emt 0:01:44]} Qxc2 {[%emt 0:01:48]} 51. Rxc2 {[%emt 0:00:00]} Bd3 {[%emt 0:02:57]} 52. Rxc7 {[%emt 0:00:25]} Be4 {[%emt 0:00:51]} 53. Rd2 {[%emt 0:02:08]} d3 {[%emt 0:02:13]} 54. Kg1 {[%emt 0:00:38]} g5 {[%emt 0:01:08]} 55. Kf2 {[%emt 0:00:49]} Rd6 {[%emt 0:02:12]} 56. Ke3 {[%emt 0:00:53]} gxh4 {[%emt 0:00:02]} 57. gxh4 {[%emt 0:00:03]} Rg6 {[%emt 0:00:07]} 58. Rc4 {[%emt 0:02:12]} Rg3+ {[%emt 0:00:25]} 59. Kf4 {[%emt 0:00:38]} Rg4+ {[%emt 0:00:28]} 60. Ke5 {[%emt 0:00:05]} Rg1 {[%emt 0:01:47]} 61. Rxa4 {[%emt 0:00:32]} Re1 {[%emt 0:00:03]} 62. Kf6 {[%emt 0:00:42]} Re2 {[%emt 0:00:46]} 63. Rb4 {[%emt 0:00:57]} Ke8 {[%emt 0:00:18]} 64. Rd1 {[%emt 0:00:21]} f4 {[%emt 0:01:02]} 65. Rxe4+ {[%emt 0:00:58]} Rxe4 {[%emt 0:00:02]} 66. Rxd3 {[%emt 0:00:07]} f3 {[%emt 0:01:11]} 67. Rxf3 {[%emt 0:00:12]} Rxh4 {[%emt 0:00:02]} 68. Ke6 {[%emt 0:00:47]} Ra4 {[%emt 0:01:48]} 69. Kd6 {[%emt 0:00:20]} Ra6+ {[%emt 0:00:26]} 70. Kc7 {[%emt 0:00:39]} h5 {[%emt 0:00:27]} 71. b4 {[%emt 0:00:04]} Ra7+ {[%emt 0:00:50]} 72. Kc8 {[%emt 0:00:26]} Ke7 {[%emt 0:00:30]} 73. b5 {[%emt 0:00:21]} Kd6 {[%emt 0:00:42]} 74. Kb8 {[%emt 0:01:56]} Rh7 {[%emt 0:00:13]} 75. b6 {[%emt 0:00:14]} h4 {[%emt 0:00:42]} 76. b7 {[%emt 0:00:24]} Rh5 {[%emt 0:00:20]} 77. Ka7 {[%emt 0:00:41]} Rh7 {[%emt 0:00:29]} 78. Ka8 {[%emt 0:00:17]} Kd5 1-0

[Event "SVK Extraliga 2019-20"]
[Site "Slovakia"]
[Date "2020.03.01"]
[Round "8.5"]
[White "Federic, Jozef"]
[Black "Dovzik, Juri"]
[Result "1/2-1/2"]
[WhiteElo "2221"]
[BlackElo "2274"]
[Annotator "ChessBase"]
[PlyCount "88"]
[EventDate "2019.10.19"]
[EventType "team-tourn"]
[EventCountry "SVK"]
[SourceTitle "playchess.com"]
[Source "ChessBase"]
[SourceQuality "1"]
[WhiteTeam "Modra"]
[BlackTeam "Kosice"]
[TimeControl "40/5400+30:1800+30"]

1. e4 {[%emt 0:00:00]} c5 {[%emt 0:00:12]} 2. Nf3 {[%emt 0:00:03]} e6 {[%emt 0:01:42]} 3. d4 {[%emt 0:00:16]} cxd4 {[%emt 0:00:17]} 4. Nxd4 {[%emt 0:00:06]} Nc6 {[%emt 0:00:52]} 5. Nc3 {[%emt 0:00:11]} Qc7 {[%emt 0:05:21]} 6. f4 {[%emt 0:00:21]} d6 {[%emt 0:01:49]} 7. Nxc6 {[%emt 0:15:45]} bxc6 {[%emt 0:00:14]} 8. Be2 {[%emt 0:00:17]} Nf6 {[%emt 0:01:27]} 9. O-O {[%emt 0:01:54]} d5 {[%emt 0:10:00]} 10. exd5 {[%emt 0:10:32]} cxd5 {[%emt 0:00:02]} 11. Kh1 {[%emt 0:00:31]} Be7 {[%emt 0:04:39]} 12. Be3 {[%emt 0:10:19]} O-O {[%emt 0:00:55]} 13. Bd4 {[%emt 0:01:14]} Ne4 {[%emt 0:05:12]} 14. Bd3 {[%emt 0:06:42]} f5 {[%emt 0:00:38]} 15. Qe1 {[%emt 0:04:25]} Bf6 {[%emt 0:00:58]} 16. Nb5 {[%emt 0:03:17]} Qb8 {[%emt 0:07:47]} 17. Qe3 {[%emt 0:05:58]} a6 {[%emt 0:12:11]} 18. Bxe4 {[%emt 0:03:32]} fxe4 {[%emt 0:02:47]} 19. Bxf6 {[%emt 0:00:26]} Rxf6 {[%emt 0:01:16]} 20. Nd4 {[%emt 0:00:15]} Bd7 {[%emt 0:02:06]} 21. b3 {[%emt 0:07:03]} Qd6 {[%emt 0:00:14]} 22. Kg1 {[%emt 0:02:42]} Raf8 {[%emt 0:03:16]} 23. g3 {[%emt 0:00:52]} e5 {[%emt 0:08:19]} 24. fxe5 {[%emt 0:00:32]} Qxe5 {[%emt 0:00:08]} 25. h4 {[%emt 0:13:04]} Bg4 {[%emt 0:06:43]} 26. Rxf6 {[%emt 0:01:41]} Qxf6 {[%emt 0:00:11]} 27. c3 {[%emt 0:00:51]} h6 {[%emt 0:00:21]} 28. Kg2 {[%emt 0:03:53]} Bf3+ {[%emt 0:00:48]} 29. Kh3 {[%emt 0:04:37]} g5 {[%emt 0:09:33]} 30. Rg1 {[%emt 0:00:18]} Rf7 {[%emt 0:01:32]} 31. a4 {[%emt 0:01:36]} Rg7 {[%emt 0:02:46]} 32. b4 {[%emt 0:00:44]} Qg6 {[%emt 0:06:13]} 33. Kh2 {[%emt 0:00:36]} gxh4 {[%emt 0:02:56]} 34. gxh4 {[%emt 0:00:01]} Bg4 {[%emt 0:00:30]} 35. Qg3 {[%emt 0:00:54]} h5 {[%emt 0:01:09]} 36. Qe5 {[%emt 0:00:22]} Qf7 {[%emt 0:00:18]} 37. Rg2 {[%emt 0:00:45]} Rg6 {[%emt 0:00:16]} 38. Kg1 {[%emt 0:00:48]} Rf6 {[%emt 0:00:20]} 39. Kh2 {[%emt 0:00:52]} Rf2 {[%emt 0:00:49]} 40. a5 {[%emt 0:00:45]} Kh7 {[%emt 0:01:37]} 41. Kg3 {[%emt 0:11:26]} Rf1 {[%emt 0:03:48]} 42. Kh2 {[%emt 0:01:34]} Rf2 {[%emt 0:05:57]} 43. Kg1 {[%emt 0:01:47]} Rf4 {[%emt 0:02:22]} 44. Kh2 {[%emt 0:03:56]} Rf2 {[%emt 0:11:46]} 1/2-1/2

[Event "SVK Extraliga 2019-20"]
[Site "Slovakia"]
[Date "2020.03.01"]
[Round "8.5"]
[White "Bochnickova, Andrea"]
[Black "Pniaczek, Marek"]
[Result "1-0"]
[WhiteElo "2122"]
[BlackElo "2114"]
[Annotator "ChessBase"]
[PlyCount "92"]
[EventDate "2019.10.19"]
[EventType "team-tourn"]
[EventCountry "SVK"]
[SourceTitle "playchess.com"]
[Source "ChessBase"]
[SourceQuality "1"]
[WhiteTeam "Bratislava"]
[BlackTeam "Dunajov"]
[TimeControl "40/5400+30:1800+30"]

1. e4 {[%emt 0:00:00]} c5 {[%emt 0:00:00]} 2. Nf3 {[%emt 0:00:00]} e6 {[%emt 0:00:00]} 3. d4 {[%emt 0:00:00]} cxd4 {[%emt 0:00:00]} 4. Nxd4 {[%emt 0:00:00]} Nc6 {[%emt 0:00:00]} 5. Nc3 {[%emt 0:00:07]} Qc7 {[%emt 0:00:00]} 6. g3 {[%emt 0:00:33]} a6 {[%emt 0:00:19]} 7. Bg2 {[%emt 0:00:14]} Nf6 {[%emt 0:00:40]} 8. O-O {[%emt 0:00:23]} h5 {[%emt 0:00:40]} 9. h4 {[%emt 0:09:55]} Nxd4 {[%emt 0:04:37]} 10. Qxd4 {[%emt 0:00:08]} Bc5 {[%emt 0:00:08]} 11. Qd3 {[%emt 0:01:56]} Ng4 {[%emt 0:10:15]} 12. Na4 {[%emt 0:10:55]} Ba7 {[%emt 0:06:33]} 13. c4 {[%emt 0:23:11]} b5 {[%emt 0:16:37]} 14. cxb5 {[%emt 0:01:59]} axb5 {[%emt 0:00:03]} 15. Qc3 {[%emt 0:05:36]} Qxc3 {[%emt 0:13:42]} 16. Nxc3 {[%emt 0:04:16]} Ba6 {[%emt 0:03:55]} 17. Nd1 {[%emt 0:16:57]} b4 {[%emt 0:01:50]} 18. Re1 {[%emt 0:00:37]} Ne5 {[%emt 0:10:24]} 19. Be3 {[%emt 0:02:34]} Nd3 {[%emt 0:01:57]} 20. Re2 {[%emt 0:05:59]} Nf4 {[%emt 0:04:05]} 21. Rd2 {[%emt 0:00:36]} Nxg2 {[%emt 0:00:42]} 22. Kxg2 {[%emt 0:00:05]} Bb7 {[%emt 0:03:19]} 23. f3 {[%emt 0:04:22]} Ke7 {[%emt 0:06:10]} 24. Bxa7 {[%emt 0:03:13]} Rxa7 {[%emt 0:00:04]} 25. Rd4 {[%emt 0:00:41]} b3 {[%emt 0:04:26]} 26. a3 {[%emt 0:00:15]} d5 {[%emt 0:01:17]} 27. Rc1 {[%emt 0:01:43]} Ba8 {[%emt 0:01:37]} 28. exd5 {[%emt 0:02:08]} Bxd5 {[%emt 0:00:04]} 29. Ne3 {[%emt 0:00:42]} Rd8 {[%emt 0:00:58]} 30. Nxd5+ {[%emt 0:02:11]} Rxd5 {[%emt 0:00:05]} 31. Rxd5 {[%emt 0:00:19]} exd5 {[%emt 0:00:04]} 32. Kf2 {[%emt 0:00:44]} Kd6 {[%emt 0:01:34]} 33. Rc3 {[%emt 0:00:24]} Rb7 {[%emt 0:01:27]} 34. Ke3 {[%emt 0:00:29]} Re7+ {[%emt 0:03:48]} 35. Kd4 {[%emt 0:00:59]} Re2 {[%emt 0:00:36]} 36. Rxb3 {[%emt 0:00:05]} Rd2+ {[%emt 0:00:11]} 37. Ke3 {[%emt 0:00:56]} Rg2 {[%emt 0:00:12]} 38. a4 {[%emt 0:01:11]} Rxg3 {[%emt 0:01:02]} 39. a5 {[%emt 0:00:05]} Rg1 {[%emt 0:00:27]} 40. a6 {[%emt 0:02:12]} Re1+ {[%emt 0:02:05]} 41. Kd4 {[%emt 0:01:28]} Rd1+ {[%emt 0:01:10]} 42. Rd3 {[%emt 0:05:48]} Ra1 {[%emt 0:02:21]} 43. Ra3 {[%emt 0:00:41]} Rxa3 {[%emt 0:00:07]} 44. bxa3 {[%emt 0:00:05]} Kc6 {[%emt 0:00:28]} 45. f4 {[%emt 0:01:03]} f6 {[%emt 0:00:27]} 46. f5 {[%emt 0:00:11]} Kd6 {Ke4} 1-0

[Event "SVK Extraliga 2019-20"]
[Site "Slovakia"]
[Date "2020.03.01"]
[Round "8.6"]
[White "Petrik, Tomas"]
[Black "Kostolansky, Sebastian Lukas"]
[Result "1-0"]
[WhiteElo "2445"]
[BlackElo "2412"]
[Annotator "TA"]
[PlyCount "71"]
[EventDate "2019.10.19"]
[EventType "team-tourn"]
[EventCountry "SVK"]
[SourceTitle "playchess.com"]
[Source "ChessBase"]
[SourceQuality "1"]
[WhiteTeam "Zilina"]
[BlackTeam "Slovan"]

{[%evp 9,71,66,83,42,62,21,78,69,71,77,96,83,97,85,95,97,112,94,108,94,113,98,145,141,169,154,185,185,183,186,186,186,182,182,187,179,194,175,189,177,176,178,184,203,590,572,812,802,778,763,855,801,857,875,850,838,1013,1000,1193,1189,1189,1189,1334,1334]} 1. e4 b6 2. d4 Bb7 3. Bd3 e6 4. Nf3 d6 5. O-O Nd7 6. Bf4 {B00: Queen's Fianchetto Defence, Nimzowitsch Defence.} g6 7. e5 {[#]} d5 $146 (7... Bh6 $11 {remains equal.} 8. Bxh6 Nxh6) ({Predecessor:} 7... dxe5 8. dxe5 Bg7 9. Re1 Ne7 10. Nbd2 Nc6 11. Bg5 Qc8 12. Nc4 b5 13. Ne3 a6 {0-1 (45) Pons Servera,C (2123)-Roy Chowdhury,S (2427) Palma de Mallorca 2009}) 8. Nbd2 {[%cal Bb1d2,Bd2f1,Bf1e3][%mdl 32] White is better.} Ne7 9. Re1 Bg7 10. Nf1 c5 11. c3 Qc8 12. Ne3 h6 13. h4 Qc7 14. Rc1 c4 15. Bc2 O-O-O 16. Qd2 Kb8 17. Ng4 Nf5 18. Bxf5 $1 gxf5 19. Nxh6 Bxh6 20. Bxh6 Rdg8 21. Bg5 Nf8 22. g3 Nh7 23. Kg2 Bc6 24. Rh1 Nxg5 25. hxg5 Qd8 26. Rh6 Rxh6 $2 {[#]} (26... Rg7 {is tougher.} 27. Nh4 Bd7) 27. gxh6 $18 {White is clearly winning.} Rg6 28. Rh1 Qh8 29. h7 Kc7 30. Ng5 Be8 31. Qf4 Kd7 32. Qh4 b5 33. Nf3 a5 34. a3 a4 35. Kg1 Kc8 36. Qe7 {White took control after the opening. Accuracy: White = 92%, Black = 56%.} 1-0

[Event "SVK Extraliga 2019-20"]
[Site "Slovakia"]
[Date "2020.03.01"]
[Round "8.6"]
[White "Mikrut, Dariusz"]
[Black "Likavsky, Tomas"]
[Result "1/2-1/2"]
[WhiteElo "2385"]
[BlackElo "2429"]
[Annotator "TA"]
[PlyCount "32"]
[EventDate "2019.10.19"]
[EventType "team-tourn"]
[EventCountry "SVK"]
[SourceTitle "playchess.com"]
[Source "ChessBase"]
[SourceQuality "1"]
[WhiteTeam "Prakovce"]
[BlackTeam "Podhajska"]

{[%evp 9,19,1,5,-4,-5,-8,-1,-1,-12,0,-6,-12]} 1. d4 d5 2. Nf3 e6 3. g3 b5 4. Bg2 Nf6 5. c3 Bb7 {The position is equal.} 6. Qb3 {A46: 1 d4 Nf6 2 Nf3 e6: Torre, London and Colle Systems.} a6 7. a4 c5 8. axb5 c4 9. Qc2 axb5 10. Rxa8 {[#] Not much happened in this game.} {Predecessor:} Bxa8 $146 11. Bg5 Bd6 12. e4 dxe4 13. Nfd2 Be7 14. Bxf6 gxf6 15. Bxe4 Nd7 16. O-O f5 {1-0 (25) Heimann,A (2488)-Moor,O (2381) Deizisau 2013} 1/2-1/2

[Event "SVK Extraliga 2019-20"]
[Site "Slovakia"]
[Date "2020.03.01"]
[Round "8.6"]
[White "Hrabusa, Matej"]
[Black "Csonka, Attila Istvan"]
[Result "1/2-1/2"]
[WhiteElo "2365"]
[BlackElo "2355"]
[Annotator "TA"]
[PlyCount "51"]
[EventDate "2019.10.19"]
[EventType "team-tourn"]
[EventCountry "SVK"]
[SourceTitle "playchess.com"]
[Source "ChessBase"]
[SourceQuality "1"]
[WhiteTeam "Liptovska"]
[BlackTeam "Streda"]

{[%evp 9,51,14,30,0,5,5,9,0,-8,-8,-7,-17,-18,-25,-7,-28,0,0,0,0,0,10,0,0,0,0,0,0,12,12,14,20,23,4,17,19,18,16,19,30,32,27,31,0]} 1. d4 Nf6 2. Bf4 e6 3. e3 b6 4. Qf3 d5 5. Nc3 Bd6 {[#]} 6. Bb5+ $146 {A45: Trompowsky Attack.} ({Predecessor:} 6. Bd3 Ba6 7. Nge2 Bxd3 8. cxd3 O-O 9. Rc1 a6 10. O-O Nbd7 11. Bg3 Qe7 12. e4 dxe4 13. dxe4 {1-0 (49) Cox,J (2311)-Cornette,M (2606) London 2017}) 6... c6 7. Bd3 Ba6 8. Bxa6 {The position is equal.} Nxa6 9. Nge2 O-O 10. O-O Bxf4 11. Nxf4 Qd6 12. Rfe1 Rfe8 13. e4 dxe4 14. Nxe4 Nxe4 15. Qxe4 Rad8 16. Rad1 Nc7 {[%cal Ba6c7,Bc7d5,Bd5b4][%mdl 32]} 17. Qf3 Nd5 18. Nd3 Nb4 19. Ne5 f6 20. Nc4 Qd5 21. Qb3 Na6 22. c3 Nc7 23. Ne3 Qxb3 24. axb3 Nb5 25. b4 Kf7 26. Nc4 {Not much happened in this game. Accuracy: White = 88%, Black = 94%.} 1/2-1/2

[Event "SVK Extraliga 2019-20"]
[Site "Slovakia"]
[Date "2020.03.01"]
[Round "8.6"]
[White "Krak, Tomas"]
[Black "Veres, Andrej"]
[Result "0-1"]
[WhiteElo "2331"]
[BlackElo "2234"]
[Annotator "ChessBase"]
[PlyCount "59"]
[EventDate "2019.10.19"]
[EventType "team-tourn"]
[EventCountry "SVK"]
[SourceTitle "playchess.com"]
[Source "ChessBase"]
[SourceQuality "1"]
[WhiteTeam "Snina"]
[BlackTeam "Dubnica"]
[TimeControl "40/5400+30:1800+30"]

1. Nf3 {[%emt 0:00:00]} Nf6 {[%emt 0:00:00]} 2. c4 {[%emt 0:00:00]} e6 {[%emt 0:00:12]} 3. g3 {[%emt 0:04:03]} b6 {[%emt 0:00:47]} 4. Bg2 {[%emt 0:00:54]} Bb7 {[%emt 0:07:18]} 5. O-O {[%emt 0:00:09]} Be7 {[%emt 0:00:13]} 6. Nc3 {[%emt 0:02:31]} O-O {[%emt 0:00:28]} 7. Re1 {[%emt 0:03:10]} d5 {[%emt 0:00:36]} 8. cxd5 {[%emt 0:00:55]} exd5 {[%emt 0:00:05]} 9. d4 {[%emt 0:00:06]} Na6 {[%emt 0:00:48]} 10. Bf4 {[%emt 0:01:36]} c5 {[%emt 0:01:15]} 11. Rc1 {[%emt 0:01:05]} Ne4 {[%emt 0:00:59]} 12. Nd2 {[%emt 0:07:36]} g5 {[%emt 0:29:29]} 13. Be3 {[%emt 0:01:31]} f5 {[%emt 0:00:19]} 14. Ndxe4 {[%emt 0:05:43]} f4 {[%emt 0:13:44]} 15. Bd2 {[%emt 0:22:05]} cxd4 {[%emt 0:05:19]} 16. Qb3 {[%emt 0:01:14]} Kh8 {[%emt 0:04:25]} 17. Red1 {[%emt 0:02:18]} dxe4 {[%emt 0:06:08]} 18. Nxe4 {[%emt 0:02:50]} Nc5 {[%emt 0:04:02]} 19. Nxc5 {[%emt 0:11:43]} Bxg2 {[%emt 0:00:03]} 20. Kxg2 {[%emt 0:02:47]} bxc5 {[%emt 0:00:31]} 21. Qe6 {[%emt 0:06:33]} Rf6 {[%emt 0:03:06]} 22. Qe4 {[%emt 0:01:16]} Qf8 {[%emt 0:00:29]} 23. gxf4 {[%emt 0:05:59]} Bd6 {[%emt 0:01:49]} 24. e3 {[%emt 0:09:58]} gxf4 {[%emt 0:04:34]} 25. exf4 {[%emt 0:00:33]} Re8 {[%emt 0:01:06]} 26. Qd5 {[%emt 0:03:03]} Re2 {[%emt 0:01:27]} 27. Qf3 {[%emt 0:00:19]} Rxd2 {[%emt 0:01:30]} 28. Rxd2 {[%emt 0:00:06]} Bxf4 {[%emt 0:00:01]} 29. Qe2 {[%emt 0:03:07]} Qh6 {[%emt 0:00:01]} 30. Ra1 0-1

[Event "SVK Extraliga 2019-20"]
[Site "Slovakia"]
[Date "2020.03.01"]
[Round "8.6"]
[White "Matejovic, Juraj"]
[Black "Walterova, Ema"]
[Result "1-0"]
[WhiteElo "2216"]
[BlackElo "1807"]
[Annotator "ChessBase"]
[PlyCount "109"]
[EventDate "2019.10.19"]
[EventType "team-tourn"]
[EventCountry "SVK"]
[SourceTitle "playchess.com"]
[Source "ChessBase"]
[SourceQuality "1"]
[WhiteTeam "Dunajov"]
[BlackTeam "Bratislava"]
[TimeControl "40/5400+30:1800+30"]

1. e4 {[%emt 0:01:50]} e5 {[%emt 0:00:00]} 2. Nf3 {[%emt 0:00:09]} Nc6 {[%emt 0:00:00]} 3. Bb5 {[%emt 0:00:11]} a6 {[%emt 0:00:00]} 4. Bxc6 {[%emt 0:00:11]} dxc6 {[%emt 0:00:13]} 5. O-O {[%emt 0:00:29]} Qf6 {[%emt 0:01:01]} 6. d3 {[%emt 0:01:06]} Bg4 {[%emt 0:04:56]} 7. Nbd2 {[%emt 0:00:15]} Bc5 {[%emt 0:10:20]} 8. h3 Bxf3 {[%emt 0:10:56]} 9. Nxf3 {[%emt 0:00:59]} Ne7 {[%emt 0:04:02]} 10. Qe1 {[%emt 0:12:30]} Ng6 {[%emt 0:06:00]} 11. Qc3 {[%emt 0:01:36]} Bb6 {[%emt 0:03:11]} 12. a4 {[%emt 0:06:30]} a5 {[%emt 0:07:40]} 13. Ra3 {[%emt 0:06:26]} O-O {[%emt 0:04:55]} 14. Rb3 {[%emt 0:01:10]} Rfe8 {[%emt 0:04:55]} 15. Bg5 {[%emt 0:02:38]} Qd6 {[%emt 0:02:46]} 16. Be3 {[%emt 0:01:56]} Bxe3 {[%emt 0:02:48]} 17. fxe3 {[%emt 0:00:10]} b6 {[%emt 0:00:29]} 18. Qc4 {[%emt 0:04:59]} h6 {[%emt 0:02:00]} 19. Rc3 {[%emt 0:04:55]} c5 {[%emt 0:01:57]} 20. Ra3 {[%emt 0:00:25]} Rad8 {[%emt 0:01:15]} 21. Raa1 {[%emt 0:01:54]} Qe6 {[%emt 0:05:21]} 22. Nd2 {[%emt 0:04:11]} Nf8 {[%emt 0:03:44]} 23. Rf3 {[%emt 0:03:06]} f6 {[%emt 0:03:28]} 24. Qc3 {[%emt 0:03:00]} Rd7 {[%emt 0:03:08]} 25. Raf1 {[%emt 0:01:38]} Rf7 {[%emt 0:01:13]} 26. Nc4 {[%emt 0:01:03]} Nd7 {[%emt 0:01:27]} 27. Qe1 {[%emt 0:03:30]} Ref8 {[%emt 0:03:57]} 28. Qh4 {[%emt 0:02:35]} Nb8 {[%emt 0:01:48]} 29. Qh5 {[%emt 0:11:32]} Nc6 30. R1f2 Ne7 {[%emt 0:07:07]} 31. Qh4 {[%emt 0:05:18]} Nc8 {[%emt 0:03:23]} 32. b3 Nd6 33. Nd2 {[%emt 0:07:13]} f5 {[%emt 0:01:47]} 34. exf5 {[%emt 0:00:43]} Rxf5 {[%emt 0:00:22]} 35. Rxf5 {[%emt 0:02:37]} Nxf5 {[%emt 0:00:06]} 36. Qg4 {[%emt 0:02:42]} Qc8 {[%emt 0:01:11]} 37. Qc4+ {[%emt 0:01:12]} Kh8 {[%emt 0:00:18]} 38. Qe4 {[%emt 0:00:42]} Ne7 {[%emt 0:00:44]} 39. Rxf8+ Qxf8 40. Qxe5 {[%emt 0:01:05]} Qd8 {[%emt 0:00:42]} 41. Nf3 {[%emt 0:36:08]} Nc6 {[%emt 0:02:46]} 42. Qc3 {[%emt 0:00:00]} Nb4 {[%emt 0:05:54]} 43. Kf2 {[%emt 0:00:00]} Qe7 {[%emt 0:03:49]} 44. e4 {[%emt 0:00:00]} Qf7 45. g3 {[%emt 0:00:00]} Qe6 {[%emt 0:08:41]} 46. Kg2 {[%emt 0:00:00]} Kg8 {[%emt 0:06:18]} 47. h4 {[%emt 0:00:00]} Kf8 {[%emt 0:04:29]} 48. Qd2 {[%emt 0:00:00]} Qd6 {[%emt 0:00:51]} 49. h5 {[%emt 0:00:00]} Kg8 {[%emt 0:01:11]} 50. Nh4 {[%emt 0:00:00]} Qe5 {[%emt 0:01:12]} 51. c3 {[%emt 0:00:00]} Nc6 {[%emt 0:00:31]} 52. Nf5 {[%emt 0:00:00]} Nd8 {[%emt 0:00:34]} 53. Qf4 {[%emt 0:00:02]} Qxc3 {[%emt 0:00:31]} 54. Ne7+ {[%emt 0:00:19]} Kh7 {[%emt 0:00:28]} 55. Qf5+ {[%emt 0:00:12]} 1-0